[Event "Stuttgart-chB int"]
[Site "Gerlingen"]
[Date "2007.05.20"]
[Round "7"]
[White "Dietermann, Frank"]
[Black "Lebeda, Timo"]
[Result "0-1"]
[WhiteElo "1487"]
[BlackElo "1653"]
[PlyCount "40"]
[EventDate "2007.05.17"]
[EventType "swiss"]
[EventRounds "7"]
[EventCountry "GER"]
[SourceTitle "EXT 2018"]
[Source "ChessBase"]
[SourceDate "2017.10.13"]
[SourceVersion "1"]
[SourceVersionDate "2017.10.13"]
[SourceQuality "1"]

1. c4 e6 2. Nc3 d5 3. cxd5 exd5 4. g3 c5 5. Bg2 Nf6 6. d3 Nc6 7. Nh3 Be7 8. Bg5 0-0 9. Bxf6 Bxf6 10. Bxd5 Bxc3+ 11. bxc3 Qxd5 12. e4 Qe5 13. Nf4 Qxc3+ 14. Kf1 Ne5 15. Rc1 Qd4 16. Qe2 Bg4 17. Qc2 b6 18. Re1 g5 19. Ne2 Bh3+ 20. Kg1 Nf3# 0-1

[Event "Stuttgart-chB int"]
[Site "Gerlingen"]
[Date "2007.05.17"]
[Round "2"]
[White "Srokovskiy, Andrea"]
[Black "Dietermann, Frank"]
[Result "0-1"]
[WhiteElo "1234"]
[BlackElo "1487"]
[PlyCount "66"]
[EventDate "2007.05.17"]
[EventType "swiss"]
[EventRounds "7"]
[EventCountry "GER"]
[SourceTitle "EXT 2018"]
[Source "ChessBase"]
[SourceDate "2017.10.13"]
[SourceVersion "1"]
[SourceVersionDate "2017.10.13"]
[SourceQuality "1"]

1. e4 g6 2. d4 d6 3. Nf3 Bg7 4. Bc4 Nf6 5. Nc3 0-0 6. h3 Nbd7 7. 0-0 c5 8. d5 Nh5 9. Qd3 Ne5 10. Nxe5 Bxe5 11. f4 Bf6 12. Bd2 Ng7 13. Rae1 e5 14. a3 exf4 15. Rxf4 Be5 16. Rf3 f5 17. Ref1 a6 18. Bh6 Qe7 19. Bxg7 Qxg7 20. Kh1 Bd7 21. R1f2 b5 22. Ba2 c4 23. Qe2 Rf7 24. g4 f4 25. Rf1 Qh6 26. b3 Bxg4 27. Qg2 Bxf3 28. Rxf3 cxb3 29. Bxb3 g5 30. Kh2 Rg7 31. Qf1 g4 32. Rd3 f3+ 33. Kh1 Rf8 0-1